000 01167nam a2200409 a 4500
003 AR-BaBNM
005 20251128203445.0
008 082120s2002 ||||||||||||||000 | spa||
020 _a84-316-1863-9
040 _cAR-BaBNM
245 0 0 _aHistoria social y económica de España y América
_n2
250 _a3ª ed.
260 _aBarcelona
_bVicens Vives
_c1979
300 _a553 p.
_bmapas
490 0 _aLibros Vicens. Bolsillo
500 _aIndice alfabético p. 531-553
504 _aContiene bibliografía para consultar p. 483-530
650 4 _aHISTORIA MEDIEVAL
650 4 _aDEMOGRAFIA
650 4 _aGEOGRAFIA FISICA
650 4 _aSOCIEDAD
650 4 _aECONOMIA
650 4 _aCOSTUMBRES
650 4 _aEDUCACION
650 4 _aCULTURA
650 4 _aCIENCIAS POLITICAS
650 4 _aHISTORIA MODERNA
650 4 _aJUSTICIA
650 4 _aDESCUBRIMIENTOS
650 4 _aINNOVACIONES CULTURALES
700 1 _aVicens Vives, Jaime
_edirector
700 1 _aSobreques Vidal, Santiago
_ecolaborador
700 1 _aCéspedes del Castillo, Guillermo
_ecolaborador
800 1 _aVicens Vives, J
_edirector
942 _cBK
998 _cmariana
999 _c3474
_d3474